000 01240nam a22002537a 4500
005 20101220114026.0
008 101220t xxu||||| |||| 00| 0 mar d
010 _aMAR-20439-40
020 _c550.00 ( 2भाग )
035 _aMR-13097-98
037 _bDBAD / PUB
040 _aDPL
_bMR
082 _a921
100 _aजोग,वि स
_924952
245 _aयश अपयश /
_cवि स जोग
246 _aYash Upyash
_bby V S Jog
260 _aनागपूर
_bलाखे प्रकाशन
_c2010
270 _aमुकुंदराज पथ,महाल
_bनागपूर
_e-2
300 _a2भाग (272पृ ;271पृ)
_c21सेमी (अजिल्द )
500 _a2 भाग
942 _2ddc
_cMR
_h921
_mजोगवि
999 _c49307
_d49307